Role of micro finance and micro credit in transforming rural India (Record no. 519580)

000 -LEADER
fixed length control field 00793nam a22001457a 4500
008 - FIXED-LENGTH DATA ELEMENTS--GENERAL INFORMATION
fixed length control field 220321b ||||| |||| 00| 0 eng d
100 ## - MAIN ENTRY--PERSONAL NAME
Personal name Chintala, G.R.
245 ## - TITLE STATEMENT
Title Role of micro finance and micro credit in transforming rural India
260 ## - PUBLICATION, DISTRIBUTION, ETC. (IMPRINT)
Place of publication, distribution, etc Kurukshetra
300 ## - PHYSICAL DESCRIPTION
Extent 69(12), Oct, 2021: p.18-22
520 ## - SUMMARY, ETC.
Summary, etc Microdfiance is emerging as a fact growing sector in India. It has transformed lives by mainstreaming rural women and making them partners in the nation building process. A multi pronged strategy is now required for harnessing our demographic divided, unleashing entrepreneurial spared and increasing technological penetration backed by financial literacy in rural areas. – Reproduced
773 ## - HOST ITEM ENTRY
Main entry heading Kurukshetra
906 ## - LOCAL DATA ELEMENT F, LDF (RLIN)
Subject DIP RURAL DEVELOPMENT
942 ## - ADDED ENTRY ELEMENTS (KOHA)
Item type Articles
Holdings
Withdrawn status Lost status Source of classification or shelving scheme Damaged status Not for loan Permanent location Current location Date acquired Serial Enumeration / chronology Barcode Date last seen Koha item type
          Indian Institute of Public Administration Indian Institute of Public Administration 2022-03-21 69(12), Oct, 2021: p.18-22 AR126386 2022-03-21 Articles

Powered by Koha